<?xml version="1.0" encoding="UTF-8"?>
<record
    xmlns:xsi="http://www.w3.org/2001/XMLSchema-instance"
    xsi:schemaLocation="http://www.loc.gov/MARC21/slim http://www.loc.gov/standards/marcxml/schema/MARC21slim.xsd"
    xmlns="http://www.loc.gov/MARC21/slim">

  <leader>00504nam a2200181Ia 4500</leader>
  <controlfield tag="008">230718s9999    xx            000 0 und d</controlfield>
  <datafield tag="020" ind1=" " ind2=" ">
    <subfield code="a">9789385401367</subfield>
  </datafield>
  <datafield tag="041" ind1=" " ind2=" ">
    <subfield code="a">eng</subfield>
  </datafield>
  <datafield tag="082" ind1=" " ind2=" ">
    <subfield code="a">620.112</subfield>
    <subfield code="b">RAJ</subfield>
  </datafield>
  <datafield tag="100" ind1=" " ind2=" ">
    <subfield code="a">Rajput R.K.</subfield>
    <subfield code="9">137180</subfield>
  </datafield>
  <datafield tag="245" ind1=" " ind2=" ">
    <subfield code="a">Strength Of Materials </subfield>
    <subfield code="b">Mechanics Of Solids In SI Units </subfield>
  </datafield>
  <datafield tag="250" ind1=" " ind2=" ">
    <subfield code="a">6th ed.</subfield>
  </datafield>
  <datafield tag="260" ind1=" " ind2=" ">
    <subfield code="c">2015</subfield>
    <subfield code="b">S. Chand</subfield>
  </datafield>
  <datafield tag="300" ind1=" " ind2=" ">
    <subfield code="a">1450</subfield>
  </datafield>
  <datafield tag="365" ind1=" " ind2=" ">
    <subfield code="c">Rs.</subfield>
    <subfield code="b">940.00</subfield>
  </datafield>
  <datafield tag="700" ind1=" " ind2=" ">
    <subfield code="a">Rajput R.K.</subfield>
    <subfield code="9">137180</subfield>
  </datafield>
  <datafield tag="906" ind1=" " ind2=" ">
    <subfield code="d">O:0529313-Sep-2016B:326401-Sep-2016</subfield>
    <subfield code="c">MECH</subfield>
    <subfield code="b">2105.6</subfield>
  </datafield>
  <datafield tag="999" ind1=" " ind2=" ">
    <subfield code="c">343140</subfield>
    <subfield code="d">343140</subfield>
  </datafield>
  <datafield tag="952" ind1=" " ind2=" ">
    <subfield code="0">0</subfield>
    <subfield code="1">0</subfield>
    <subfield code="4">0</subfield>
    <subfield code="7">0</subfield>
    <subfield code="a">CCEP</subfield>
    <subfield code="b">CCEP</subfield>
    <subfield code="d">2016-09-13</subfield>
    <subfield code="e">Vaibhav Book House</subfield>
    <subfield code="f">MECH</subfield>
    <subfield code="g">676.80</subfield>
    <subfield code="i">3264</subfield>
    <subfield code="l">13</subfield>
    <subfield code="o">620.112</subfield>
    <subfield code="p">CCEP-BK-54347</subfield>
    <subfield code="r">2025-09-20 12:42:18</subfield>
    <subfield code="s">2025-09-08</subfield>
    <subfield code="t">2105.6</subfield>
    <subfield code="v">940.00</subfield>
    <subfield code="w">2016-09-01</subfield>
    <subfield code="y">BK</subfield>
    <subfield code="z">054347</subfield>
  </datafield>
</record>
